| 000 | 03107nam0a2200457 4500 | ||
|---|---|---|---|
| 001 | RU\NLR\BIBL_A\011731679 | ||
| 005 | 20250630160238.0 | ||
| 020 |
_aRU _b16215 _9Сводный каталог листовок первых лет Советской власти (25 октября (7 ноября) 1917 - 1925) Т.5. Листовки советских, партийных, профсоюзных, комсомольских и других организаций Уральской области, автономных областей и республик РСФСР. Ч.2 |
||
| 035 | _a(NLR Aleph) 011731679 | ||
| 090 |
_a11530505 _c11530505 |
||
| 100 | _a20180615d1920 |||y0rusy50 ca | ||
| 101 | 0 | _arus | |
| 102 | _aRU | ||
| 105 | _ay z 000zy | ||
| 135 | _acrcn 024apada | ||
| 200 | 1 |
_aДезертир! "С 18 по 25 октября Рабоче-крестьянская власть объявила Неделей добровольной явки дезертиров..." _e[листовка _fТатарская Автономная Советская Социалистическая Республика (ТАССР), Народный комиссариат по военным делам] |
|
| 210 |
_a[Казань _cб. и. _d1920, окт.] |
||
| 215 |
_a1 с. _d32х18 |
||
| 300 | _aПодпись: Политпросветотдел Татвоенкомата | ||
| 300 | _aДатировано по изд.: Кн. летопись. 1920. № 01832 | ||
| 325 | 1 | _aКопия доступна в Электронной библиотеке РНБ | |
| 517 | 1 | _aС 18 по 25 октября Рабоче-крестьянская власть объявила Неделей добровольной явки дезертиров... | |
| 607 |
_aРСФСР _jЛистовки _xПолитика и управление _y1917 - 1925 _92312782 _3RU\NLR\auth\6601609564 |
||
| 607 |
_aТатарская АССР _xПолитика и управление _z1920 - 1925 _92486394 _3RU\NLR\AUTH\6601691935 |
||
| 686 | 0 | _aТ3(2)71-313,011 | |
| 686 | 0 | _aТ3(2Р-6Т)71-313,011 | |
| 711 | 0 | 1 |
_aТатарская АССР _bНародный комиссариат по военным делам _bПолитико-просветительный отдел _9635621 _3RU\NLR\AUTH\880487633 |
| 711 | 1 | 2 |
_aНеделя добровольной явки дезертиров _f1920 _9566592 _3RU\NLR\AUTH\880451465 |
| 852 | 0 | 0 |
_aNLR _bФЛ _j33/14 |
| 856 | 0 | _uhttps://vivaldi.nlr.ru/ll000011759/view | |
| 856 | 1 | _uhttps://vivaldi.nlr.ru/ll000011759/cover | |
| 856 | 2 | _uhttps://vivaldi.nlr.ru/ll000011759/text | |
| 942 | _cBOOK | ||
| 980 | _aNB | ||
| 981 | 2 | 2 |
_a(22) Материалы по истории России _b(22) История России с 25 октября (7 ноября) 1917 года |
| 981 | 2 | 1 |
_a(21) Листовки _b(21) Листовки 1920 года |